logo

Bir Sreshtho Munshi Abdur Rouf Library
Jhenaidah Cadet College

সোনার হরিণ / (Record no. 11930)

MARC details
000 -LEADER
fixed length control field 00707nam a2200229 a 4500
001 - CONTROL NUMBER
JCCL Control Number 11930
003 - CONTROL NUMBER IDENTIFIER
JCCL marc code BD-JhCC
005 - DATE AND TIME OF LATEST TRANSACTION
control field 20201201132822.0
008 - FIXED-LENGTH DATA ELEMENTS--GENERAL INFORMATION
fixed length control field 201201b2013 bg a|||| ||a| 000 0 ben d
020 ## - INTERNATIONAL STANDARD BOOK NUMBER
International Standard Book Number 9789848949115
035 ## - SYSTEM CONTROL NUMBER
system control number (BD-JhCC)11930
040 ## - CATALOGING SOURCE
Original cataloging agency BD-JhCC
Modifying agency BD-JhCC
041 ## - LANGUAGE CODE
Language code of Book ben
082 ## - DEWEY DECIMAL CLASSIFICATION NUMBER
Classification number 813.54
Author mark and Year HAS 2013
100 ## - MAIN ENTRY--PERSONAL NAME
Personal name হাসান, রকিব
245 ## - TITLE STATEMENT
Title সোনার হরিণ /
Statement of responsibility, etc রকিব হাসান ।
260 ## - PUBLICATION, DISTRIBUTION, ETC. (IMPRINT)
Place of publication, distribution, etc ঢাকা:
Name of publisher, distributor, etc কলি প্রকাশনী;
Date of publication, distribution, etc ২০১৩.
300 ## - PHYSICAL DESCRIPTION
Pagination 239 p. :
Other physical details ill;
Dimensions 22 cm.
651 ## - SUBJECT ADDED ENTRY--GEOGRAPHIC NAME
Geographic name Bengali Detective
Form subdivision Police
General subdivision Florida--Miami
Geographic subdivision Detective and mystery stories
942 ## - ADDED ENTRY ELEMENTS (KOHA)
Source of classification or shelving scheme Dewey Decimal Classification
Koha item type Books
Holdings
Source of classification or shelving scheme Damaged status Not for loan Home library Current library Shelving location Date of accession Source of acquisition Cost, normal purchase price Total Checkouts Full call number Barcode Date last seen Date checked out Copy number Koha item type
Dewey Decimal Classification     JCC Rouf Library JCC Rouf Library General Stacks 12/01/2020 Lt. Gen. Mahfuzur Rahman (10th intake) 239.00 2 813.54 HAS 2013 16484 07/23/2023 07/16/2023 C-1 Books

JCC Library | Contacts | JCC Home

Last Update on 23 September 2017
Copyright @ 2017-2020 JCC Rouf Library
Rouf Library, Jhenidah Cadet College (JCC), Bangladesh